000 00612pab a2200193 454500
008 180718b2010 xxu||||| |||| 00| 0 eng d
100 _aPriyadarshee, Anurag
245 _aDecentralization, service delivery, and people's perspectives: Empirical observations on selected social protection programs in India
260 _c2010
300 _ap.752-766.
362 _aOct-Nov
650 _aDecentralization - India
650 _aSocial welfare - India
650 _aSocial welfare
700 _aHossain, Farhad
773 _aInternational Journal of Public Administration
908 _aN
909 _a90249
999 _c90249
_d90249